000
00327 a2200145 4500
001
169585
020
_a
040
_c
Magnum
100
_a
Lowenfeld, Viktor
240
1
0
_a
Desarrollo de la capacidad creadora
_l
ESP
245
1
0
_a
Desarrollo de la capacidad creadora
362
0
_a
1899
697
_a
PSICOLOGIA
942
_c
BK
999
_c
169585
_d
169585